Регионална библиотека "Любен Каравелов" - Русе

Духовно и земно (Запис номер 81632)

MARC детайли
000 -Лидер
Контролно поле с фиксирана дължина 01016nam a2200325 c 4500
003 - Код на организацията, давaща контролен номер
Контролно поле BLK
005 - Дата и час на последна редакция
Контролно поле 20220225170407.0
008 - Елементи от данни с фиксирана дължина
fixed length control field 180408b bul|||||r ||||||| ||bul||
010 ## - Наследен системен номер
LC control number KNG00086136000
040 ## - Източник на каталожния запис
Идентификатор на билиотеката - собственик на записа BLK
041 ## - Код за език
Код за езика на текст/звукозапис или на отделно заглавие Български
Код за езика КДБФ Български
072 #7 - Код за тематичната категория
Код организация bullib
Код за тематична категория Я
Текст Автографи
080 ## - УДК
Текстов определител УДК Българска литература
УДК код - определител по УДК 821.163.2
УДК определител -1
УДК - код + определител 821.163.2-1
100 1# - Редна дума - Автор
Автор Сеславска, Таня
Авторска отговорност първи автор
R(LIN) 119943
139 ## - Редно поле
Редна дума Сеславска, Таня
Авторски знак Сер - С 34
245 10 - Сведения за заглавието
Заглавие Духовно и земно
Редно поле (дума) Таня Сеславска.
257 ## - Страна на издаване
Страна на създаване/издаване България
260 ## - Област на издателските данни
Име на издателя, разпространителя и проч. Изд. авт.
Година на издаване 2005
300 ## - Физическа характеристика
Страници 28 с.
Размери/Мащаб 20 см
380 ## - Жанр
Жанр Худож. лит.
500 ## - Общи забележки
Забележка Таня Сеславска - псевд. на Стоянка Атанасова Неделчева.
590 ## - Забележки на библиотеката, притежаваща документа (RLIN)
Служебно ф
659 ## - Тематичен бюлетин
Тематичен бюлетин К
659 ## - Тематичен бюлетин
Тематичен бюлетин Я
852 ## - Местоположение
Форматна сигнатура Цб 241683
852 ## - Местоположение
Форматна сигнатура К 821.163.2/С 34 Т
856 4# - Електронен адрес и достъп
Електронен формат pdf - файл
856 4# - Електронен адрес и достъп
Електронен формат pdf - файл
999 ## - СИСТЕМНИ КОНТРОЛНИ НОМЕРА
Koha biblionumber 81632
Koha biblioitemnumber 81632
942 ## - АРТИКУЛИ
Вид на библиотечния материал Книги
Скрит в OPAC Не
Koha issues (borrowed), all copies 1
Периодичен библиозапис Да
944 ## - СЪЗДАВАНЕ И РЕДАКЦИЯ на ЗАПИСА
Създаване/Редакция Създаване
Дата на регистрацията/редакция 31.10.2008
Служител, извършил регистрацията/редакцията Геновева_Генчева
944 ## - СЪЗДАВАНЕ И РЕДАКЦИЯ на ЗАПИСА
Създаване/Редакция Редакция
Дата на регистрацията/редакция 28.11.2008
999 ## - СИСТЕМНИ КОНТРОЛНИ НОМЕРА
Koha biblioitemnumber 81632
Наличности
Код за отписване Код за изгубен артикул Код за повреда Коз за рестрикции Код за отдаване Артикулен № Име на библиотеката - собственик Име на библиотеката, в която се намира в момента Статус (Текущо местоположение) Дата на вписване в системата Местоположение - отдел Цена в лева Номерация (Хронология) Инвентарен номер Систематично азбучна сигнатура Баркод Номер на екземпляра Цена в евро Служебна бележка Служебен тип на артикула Източник на класификационната схема
  Не е изгубен Не е повреден без рестрикции ползва се в читалня 132596 Регионална библиотека "Любен Каравелов" Русе Регионална библиотека "Любен Каравелов" Русе Хранилище 2008-10-31 Основен фонд - ползва се само за читалня 4.00 Автограф: Таня Сеславска 120000731021 Цб 241683 120000731021 1 2.05 Дост: DA Вид: А N: 13 Дата: 31.10.2008 Книги  
  Не е изгубен Не е повреден без рестрикции ползва се в читалня 132597 Регионална библиотека "Любен Каравелов" Русе Регионална библиотека "Любен Каравелов" Русе Краезнание 2008-10-31 Краезнание 4.00 Автограф: Таня Сеславска 120000731022 К 821.163.2/С 34 Т 120000731022 2 2.05 Дост: DA Вид: А N: 13 Дата: 31.10.2008 Дата инв: 15.11.2017 Бележки инв: К2017 Книги Universal Decimal Classification
Vip Innovations Ltd, Rousse, Bulgaria 2025